000 00195nam a2200073Ia 4500
008 170524s9999 xx 000 0 und d
100 _aPANT- NAVIN CHANDRA
245 0 _aMUDRAN KE TAKNIKI SIDDHANT
260 _bTAKSHILA : NEW DELHI
999 _c9111
_d9111